000 00722cam a2200229 a 4500
003 UPN
005 20240612064039.0
008 191125s2019 mx ao br 000 0 spa d
020 _a9786075511290
035 _aUPN01000234298
040 _aMX-MxUPN
_bspa
_cMX-MxUPN
050 4 _aLB1582
_bM66 2019
245 0 0 _aHistoria :
_bsexto grado
250 _aTercera edición
260 _aMéxico :
_bSEP, Dirección General de Materiales Educativos ,
_c2019.
300 _a134 páginas :
_bilustraciones a color, fotografías
650 4 _aHistoria
_xEstudio y enseñanza (Elemental)
_92803
650 7 _aEducación primaria
_vLibros de texto
_2
_914611
905 _aLibro
942 _2lcc
_cLIBRO
999 _c206393
_d206393